| 000 | 00824nas a2200241 4500 | ||
|---|---|---|---|
| 001 | BR9202824 | ||
| 003 | BR-BrBNA | ||
| 005 | 20231205092549.0 | ||
| 007 | ta | ||
| 008 | 230509b bl.|||p| |||| 00| 00por d | ||
| 040 |
_aBR-BrBNA _bpor _cBiblioteca Nacional de Agricultura |
||
| 041 | _a(Pt) | ||
| 072 | _aF01 | ||
| 100 | 1 | _aVieira, C. | |
| 245 | 1 | _aInfluencia das epocas de plantio sobre as etapas de desenvolvimento do feijoeiro (Phaseolus vulgaris L.) | |
| 246 | 1 | _aInfluence of planting dates on the development periods of bean plants (Phaseolus vulgaris L.) | |
| 650 | _aFEIJAO | ||
| 650 | _aEPOCA DE PLANTIO | ||
| 650 | _aCRESCIMENTO | ||
| 773 | 0 |
_tRevista Ceres (Brazil) _xISSN 0034-737X _g(Sep-Oct 1991), v. 38(219) p. 438-443 _wBR9202824 |
|
| 909 |
_a202311 _bLúcia _c55 _dLúcia Elande |
||
| 942 |
_2AGRIS _n0 _cANA |
||
| 999 |
_c132527 _d132527 |
||